Co, oprócz gotowanych ziemniaków, można podać do mięsa i surówki? - Statystyki

Ogólne statystyki
  • Ten quiz został rozwiązany 69 razy
  • Średni wynik to 3 z 6
Statystyki odpowiedzi
Odpowiedź % Poprawnych
Ryż
90%
Makaron
75%
Frytki
70%
Kluski śląskie
40%
Kopytka
40%
Pyzy
15%
Nie znaleziono quizów pasujących do podanych kryteriów
Rozkład punktacji
Procent ludzi z każdym wynikiem
Percentyl według liczby udzielonych odpowiedzi
Twoja historia wyników
Nie rozwiązałeś tego quizu